Govt. of
Madhya Pradesh

Normal view MARC view

Entry Personal Name

Number of records used in: 2

001 - CONTROL NUMBER

  • control field: 40731

003 - CONTROL NUMBER IDENTIFIER

  • control field: OSt

005 - DATE AND TIME OF LATEST TRANSACTION

  • control field: 20160226155304.0

008 - FIXED-LENGTH DATA ELEMENTS

  • fixed length control field: 160226|| aca||aabn | a|a d

040 ## - CATALOGING SOURCE

  • Original cataloging agency: OSt
  • Transcribing agency: OSt

100 ## - HEADING--PERSONAL NAME

  • Personal name: डॉ शकुन्‍तला शर्मा

670 ## - SOURCE DATA FOUND

  • Source citation: Work cat.: (OSt): डॉ शकुन्‍तला शर्मा , पुष्टिमार्गीय वचनामृत साहित्‍य